000 01250aab a2200193 i 4500
001 768714001
003 CO-MdFUSB
005 20250730110542.0
008 250730t1988 ag ||||| |||| 00| 0 spa d
040 _bspa
_cCO-MdFUSB
100 1 _aZukowski de Ramírez, Elvira Ester
_eautor
245 1 3 _aEl ministerio educativo de la iglesia
_c/ Elvira Ester Zukowski de Ramírez
300 _aVolumen 7, número 4 (diciembre, 1988), páginas: 26 - 27
520 _aMuchos de los esfuerzos realizados por la educación cristiana apuntan a transmitir fielmente el contenido bíblico para lograr un profundo conocimiento de la verdad revelada por Dios. Aunque este conocimiento de la Palabra de Dios sea uno de los pilares de la vida cristiana, no estaba en los propósitos de Dios como fin en sí mismo al darnos su revelación. La educación cristiana ha tomado conciencia de que debe no solo instruir en el conocimiento bíblico, sino insistir en la necesidad de que el educando cristiano se comprometa con una conducta coherente con los principios de la Palabra.
650 _vEducación cristiana
773 0 _tIglesia y Misión
_049402
_959672
_gVolumen 7, número 2 (junio, 1988), páginas: 26 -27
_qpáginas: 26
942 _cANA
945 _aJTF-925
999 _c51765
_d51765